Challenge Cup Winners - Statistics

General Stats
  • This quiz has been taken 13 times
  • The average score is 20 of 26
Answer Stats
Hint Answer % Correct
1914, 2017 Hull FC
100%
1980 Hull KR
100%
1910, 2020 Leeds
100%
1956, 2021 St Helens
100%
1905, 2019 Warrington
100%
1924, 2022 Wigan
100%
1906, 2003 Bradford
91%
1913, 1953 Huddersfield
91%
1998 Sheffield
91%
1908, 1963 Wakefield
91%
1897, 1901 Batley
82%
1935, 1986 Castleford
82%
1912, 1943 Dewsbury
82%
1967, 1983 Featherstone
82%
1921, 2023 Leigh
82%
1938 Salford
82%
1930, 1984 Widnes
82%
1955 Barrow
73%
2018 Catalans
73%
1908, 1934 Hunslet
73%
1952 Workington
64%
1903, 1987 Halifax
55%
1899, 1927 Oldham
55%
1922 Rochdale
45%
1900, 1928 Swinton
45%
1902, 1911 Broughton
27%
No matching quizzes found
Score Distribution
Percent of People with Each Score
Percentile by Number Answered
Your Score History
You have not taken this quiz